Taller de análisis sobre la participación ciudadana en políticas públicas /
Memorias del Taller de análisis sobre la participación ciudadana en políticas públicas, celebrado en México en el 2001 por la entonces recién inaugurada Coordinación Presidencial para la Alianza Ciudadana. El propósito del taller consistió en reunir a organizaciones no gubernamentales y dependencias...
Bewaard in:
| Coauteur: | |
|---|---|
| Andere auteurs: | , , |
| Formaat: | Boek |
| Taal: | Spaans |
| Onderwerpen: | |
| Tags: |
Geen labels, Wees de eerste die dit record labelt!
|
MARC
| LEADER | 00000nam^a2200000^a^4500 | ||
|---|---|---|---|
| 001 | 000353074 | ||
| 005 | 20250521000000.0 | ||
| 009 | 20260526141628.471 | ||
| 025 | |a Donación Juan Diego Castillo, 1 ejemplar | ||
| 037 | |a Acervo ITESO - Biblioteca | ||
| 041 | |a ESP | ||
| 082 | |a 323. 09720711 |b MEX ALI | ||
| 110 | |a México. |b Coordinación Presidencial para la Alianza Ciudadana. Coordinador. | ||
| 245 | 1 | 0 | |a Taller de análisis sobre la participación ciudadana en políticas públicas / |c Presen. de R. Elizondo Torres, O. Lafourcade, B. Avalos Casillas. |
| 264 | |a México : |b Presidencia de la República, Coordinación Presidencial para la Alianza Ciudadana, |c 2001 | ||
| 300 | |a 209 p. | ||
| 336 | |a texto |b txt |2 rdacontenido | ||
| 337 | |a sin mediación |b n |2 rdamedio | ||
| 338 | |a volumen |b nc |2 rdasoporte | ||
| 520 | |a Memorias del Taller de análisis sobre la participación ciudadana en políticas públicas, celebrado en México en el 2001 por la entonces recién inaugurada Coordinación Presidencial para la Alianza Ciudadana. El propósito del taller consistió en reunir a organizaciones no gubernamentales y dependencias del gobierno federal para fortalecer la relación entre gobierno y sociedad. | ||
| 649 | |a XX | ||
| 650 | |a Sociedad Civil - |z México | ||
| 650 | |a Organizaciones No Gubernamentales - |z México | ||
| 650 | |a Consejos Ciudadanos - |z México | ||
| 650 | |a Democratización - |z México | ||
| 650 | |a Participación Política - |z México | ||
| 650 | |a Política - |z México - |x Historia - |y 2000-2006 | ||
| 700 | |a Elizondo Torres, Rodolfo |e (presentación) | ||
| 700 | |a Lafourcade, Olivier |e (presentación) | ||
| 700 | |a Avalos Casillas, Bernardo |e (presentación) | ||
| 910 | |a Fondo Castillo-Martínez | ||
| 920 | |a Impresos - Libros | ||
| 930 | |a Fondos Especiales | ||
| 905 | |a 127 | ||
| 901 | |a 0500245242 |b IT2 |c ESP |i D |u 20250521 | ||
| 901 | |a 0500245267 |b IT2 |c ESP |i D |u 20250521 | ||
| 902 | |a https://opac.biblio.iteso.mx/vufind/Record/000353074 | ||